|
|
|
|
| LEADER |
00785nam a2200217Ia 4500 |
| 001 |
CTU_153641 |
| 008 |
210402s9999 xx 000 0 und d |
| 020 |
|
|
|c 44000
|
| 082 |
|
|
|a 324.2597
|
| 082 |
|
|
|b Th455
|
| 100 |
|
|
|a Cao, Văn Thống
|
| 245 |
|
0 |
|a Tăng cường kiểm tra, giám sát phục vụ nhiệm vụ chính trị và công tác xây dựng đảng
|
| 245 |
|
0 |
|c Cao Văn Thống
|
| 260 |
|
|
|a Hà Nội
|
| 260 |
|
|
|b Chính trị Quốc gia
|
| 260 |
|
|
|c 2009
|
| 650 |
|
|
|a Communism,Political parties,Vietnam,Việt Nam,Đảng chính trị
|
| 650 |
|
|
|x Politics and government,Chính sách và Nhà nước
|
| 650 |
|
|
|z Vietnam,Vietnam
|
| 904 |
|
|
|i Nguyên
|
| 980 |
|
|
|a Trung tâm Học liệu Trường Đại học Cần Thơ
|